| 000 | 00896nam a2200253Ia 4500 | ||
|---|---|---|---|
| 003 | OSt | ||
| 005 | 20220923215016.0 | ||
| 006 | a|||||r|||| 00| 0 | ||
| 007 | ta | ||
| 008 | 220922b |||||||| |||| 00| 0 hin d | ||
| 024 | _a174,819 | ||
| 037 | _cTextual | ||
| 040 |
_aARTS _cARTS _bhin |
||
| 041 |
_2hin _ahin |
||
| 082 | _aO152jN15, L5 | ||
| 100 |
_aपन्त, सुमित्रानंदन, संपा. _9163555 |
||
| 245 | 0 | _aनग्रेन्द्र अभिनन्दन ग्रंथ | |
| 246 | _aNagrendra abhinandan grantha | ||
| 260 |
_aनई दिल्ली _b आर्य बुक डिपो _c1975 |
||
| 300 |
_a672पृ. _ccm. |
||
| 650 |
_aहिन्दी साहित्य _9156264 |
||
| 942 |
_hO152jN15, L5 _cTEXL _2CC |
||
| 999 |
_c328523 _d328523 |
||